[Event "Oberliga NRW 0102 II"]
[Site "Germany"]
[Date "2001.10.21"]
[Round "2.6"]
[White "Vossen, Klaus"]
[Black "Seiler, Andreas"]
[Result "1/2-1/2"]
[WhiteElo "2099"]
[BlackElo "2265"]
[PlyCount "76"]
[EventDate "2001.10.??"]
[EventType "team"]
[EventRounds "9"]
[EventCountry "GER"]
[SourceTitle "EXT 2004"]
[Source "ChessBase"]
[SourceDate "2003.11.25"]
[SourceVersion "1"]
[SourceVersionDate "2003.11.25"]
[SourceQuality "1"]
[WhiteTeam "Godesberg II"]
[BlackTeam "Koeln Porz III"]
[WhiteTeamCountry "GER"]
[BlackTeamCountry "GER"]

1. d4 e6 2. Nf3 f5 3. g3 Nf6 4. Bg2 Be7 5. 0-0 0-0 6. c4 d6 7. Nc3 a5 8. Re1 Ne4 9. Qc2 Nc6 10. a3 Nxc3 11. Qxc3 Bf6 12. e3 e5 13. Rd1 Qe8 14. b3 Qh5 15. Bb2 f4 16. dxe5 Nxe5 17. Nxe5 Bxe5 18. Qd2 Bxb2 19. Qxb2 f3 20. Bf1 Be6 21. Rd4 Rf6 22. Rad1 Raf8 23. Rf4 Rxf4 24. exf4 Bh3 25. Qd4 Kh8 26. Qd5 Rf5 27. Qxb7 g5 28. Bxh3 Qxh3 29. Qxf3 Rxf4 30. Qa8+ Kg7 31. Qxa5 Qf5 32. Qxc7+ Kg8 33. Qb8+ Kf7 34. Qa7+ Kg8 35. Rxd6 Qb1+ 36. Kg2 Qe4+ 37. Kg1 Qe1+ 38. Kg2 Qe4+ 1/2-1/2

[Event "Oberliga NRW 0102 II"]
[Site "Germany"]
[Date "2001.09.30"]
[Round "1.6"]
[White "Seiler, Andreas"]
[Black "Michalczak, Thomas"]
[Result "0-1"]
[WhiteElo "2265"]
[BlackElo "2232"]
[PlyCount "48"]
[EventDate "2001.10.??"]
[EventType "team"]
[EventRounds "9"]
[EventCountry "GER"]
[SourceTitle "EXT 2004"]
[Source "ChessBase"]
[SourceDate "2003.11.25"]
[SourceVersion "1"]
[SourceVersionDate "2003.11.25"]
[SourceQuality "1"]
[WhiteTeam "Koeln Porz III"]
[BlackTeam "Plettenberg"]
[WhiteTeamCountry "GER"]
[BlackTeamCountry "GER"]

1. e4 e5 2. Nc3 Nf6 3. g3 d6 4. Bg2 g6 5. Nge2 c5 6. d3 Bg7 7. 0-0 Nc6 8. Nd5 Nxd5 9. exd5 Nd4 10. c3 Nxe2+ 11. Qxe2 0-0 12. Be3 Bd7 13. Qd2 b5 14. f4 exf4 15. Bxf4 Qb6 16. Rae1 Rae8 17. h3 f5 18. Rxe8 Rxe8 19. Re1 Rxe1+ 20. Qxe1 Kf7 21. Kh2 Bc8 22. g4 Qd8 23. Qg3 g5 24. Bd2 Be5 0-1

[Event "Cologne-ch 49th"]
[Site "Cologne"]
[Date "2000.10.28"]
[Round "5"]
[White "Morawietz, Dieter"]
[Black "Seiler, Andreas"]
[Result "0-1"]
[WhiteElo "2393"]
[BlackElo "2226"]
[PlyCount "70"]
[EventDate "2000.07.10"]
[EventType "swiss"]
[EventRounds "9"]
[EventCountry "GER"]
[SourceTitle "EXT 2002"]
[Source "ChessBase"]
[SourceDate "2001.11.25"]
[SourceVersion "1"]
[SourceVersionDate "2001.11.25"]
[SourceQuality "1"]

1. e4 c5 2. Nf3 Nc6 3. d4 cxd4 4. Nxd4 Nf6 5. Nc3 e5 6. Ndb5 d6 7. Bg5 a6 8. Na3 b5 9. Bxf6 gxf6 10. Nd5 Bg7 11. Bd3 Ne7 12. Nxe7 Qxe7 13. c3 f5 14. Nc2 Qb7 15. Qf3 0-0 16. 0-0 f4 17. c4 b4 18. b3 a5 19. a3 Bd7 20. Qe2 Bf6 21. g3 Kh8 22. Qh5 Rg8 23. Qxf7 Raf8 24. Qd5 Bc6 25. Qxd6 Be7 26. Qxe5+ Bf6 27. Qxa5 Qd7 28. Rad1 Rg5 29. Qxb4 Rfg8 30. Qd2 Be5 31. Ne1 Qh3 32. Nf3 fxg3 33. fxg3 Rxg3+ 34. hxg3 Rxg3+ 35. Kf2 Rxf3+ 0-1

[Event "Dortmund Sparkassen op-A"]
[Site "Dortmund"]
[Date "2000.07.16"]
[Round "10"]
[White "Seiler, Andreas"]
[Black "Rigo, Janos"]
[Result "1-0"]
[WhiteElo "2228"]
[BlackElo "2322"]
[PlyCount "45"]
[EventDate "2000.07.07"]
[EventType "swiss"]
[EventRounds "10"]
[EventCountry "GER"]
[SourceTitle "EXT 2001"]
[Source "ChessBase"]
[SourceDate "2000.11.22"]
[SourceVersion "1"]
[SourceVersionDate "2000.11.22"]
[SourceQuality "1"]

1. e4 c5 2. Nc3 Nc6 3. f4 g6 4. Nf3 Bg7 5. Bc4 d6 6. 0-0 a6 7. a4 Nf6 8. d3 0-0 9. f5 gxf5 10. Qe1 e6 11. Qh4 fxe4 12. dxe4 Nxe4 13. Ng5 Nxg5 14. Bxg5 Bd4+ 15. Kh1 f6 16. Ne4 d5 17. Bxf6 Qe8 18. Rf3 Ne5 19. Bxe5 Bxe5 20. Ng5 Rxf3 21. Qxh7+ Kf8 22. Nxf3 Bf6 23. Ne5 1-0

[Event "Dortmund Sparkassen op-A"]
[Site "Dortmund"]
[Date "2000.07.15"]
[Round "9"]
[White "Balogh, Csaba"]
[Black "Seiler, Andreas"]
[Result "1/2-1/2"]
[WhiteElo "2359"]
[BlackElo "2228"]
[PlyCount "80"]
[EventDate "2000.07.07"]
[EventType "swiss"]
[EventRounds "10"]
[EventCountry "GER"]
[SourceTitle "EXT 2001"]
[Source "ChessBase"]
[SourceDate "2000.11.22"]
[SourceVersion "1"]
[SourceVersionDate "2000.11.22"]
[SourceQuality "1"]

1. e4 c5 2. Nf3 Nc6 3. Bb5 e6 4. 0-0 Nge7 5. c3 d5 6. exd5 Qxd5 7. Na3 a6 8. Be2 Rb8 9. d4 Ng6 10. Nc2 b5 11. Be3 c4 12. Nfe1 Qd6 13. b3 Na5 14. Nb4 Bb7 15. Rb1 Rc8 16. bxc4 Nxc4 17. a4 Be7 18. Nbc2 Qd7 19. axb5 axb5 20. Nf3 0-0 21. Nd2 Nh4 22. Nxc4 bxc4 23. f3 Bd6 24. Bf2 Ng6 25. Ne3 Bd5 26. Bg3 Nf4 27. Qd2 Qc7 28. Kf2 Rb8 29. Rxb8 Rxb8 30. Bxc4 Bxc4 31. Nxc4 Qxc4 32. Bxf4 Bxf4 33. Qxf4 Rb2+ 34. Kg1 Qe2 35. Qg3 Qe3+ 36. Kh1 Qxc3 37. Qf4 Qc2 38. Rg1 h6 39. Qe5 Rb1 40. h3 Rxg1+ 1/2-1/2

[Event "IECC KO email"]
[Site "IECC email"]
[Date "1999.04.03"]
[Round "?"]
[White "Seiler, Andreas"]
[Black "Mueller, Robert"]
[Result "1/2-1/2"]
[WhiteElo "2053"]
[BlackElo "2200"]
[PlyCount "84"]
[EventDate "1999.??.??"]
[EventType "tourn (corr)"]
[EventRounds "6"]
[SourceTitle "Corr 2008"]
[Source "ChessBase"]
[SourceDate "2008.06.24"]
[SourceVersion "1"]
[SourceVersionDate "2008.06.24"]
[SourceQuality "1"]

1. e4 c5 2. Nf3 d6 3. d4 cxd4 4. Nxd4 Nf6 5. Nc3 g6 6. Be3 Bg7 7. f3 0-0 8. Qd2 Nc6 9. Bc4 Bd7 10. 0-0-0 Rc8 11. Bb3 Ne5 12. Kb1 Nc4 13. Bxc4 Rxc4 14. g4 b5 15. b3 Rc8 16. Ndxb5 a6 17. Nd4 Qc7 18. Nde2 Bc6 19. h4 Ba8 20. Bh6 Bxh6 21. Qxh6 d5 22. exd5 Nxd5 23. Rd3 Nxc3+ 24. Nxc3 Rfd8 25. Rxd8+ Rxd8 26. Ne4 Bxe4 27. fxe4 Qe5 28. Qe3 Rd4 29. Re1 Qc5 30. Kb2 Qe5 31. c3 Rd6 32. Re2 a5 33. a4 Qe6 34. Rg2 Rb6 35. c4 Qe5+ 36. Kc2 Rd6 37. Re2 Qa1 38. Re1 Qa2+ 39. Kc3 Rf6 40. Qe2 Qa3 41. Rd1 e5 42. g5 Rf4 1/2-1/2

[Event "Cologne-ch 48th"]
[Site "Cologne"]
[Date "1999.??.??"]
[Round "9"]
[White "Seiler, Andreas"]
[Black "Sprenger, Jan Michael"]
[Result "1/2-1/2"]
[WhiteElo "2225"]
[BlackElo "2190"]
[PlyCount "115"]
[EventDate "1999.??.??"]
[EventType "swiss"]
[EventRounds "9"]
[EventCountry "GER"]
[SourceTitle "EXT 2003"]
[Source "ChessBase"]
[SourceDate "2002.11.25"]
[SourceVersion "1"]
[SourceVersionDate "2002.11.25"]
[SourceQuality "1"]

1. e4 c5 2. Nf3 Nc6 3. d4 cxd4 4. Nxd4 Nf6 5. Nc3 e5 6. Ndb5 d6 7. Bg5 a6 8. Na3 b5 9. Bxf6 gxf6 10. Nd5 Bg7 11. Bd3 Ne7 12. Nxe7 Qxe7 13. 0-0 0-0 14. c4 f5 15. Qf3 Rb8 16. exf5 bxc4 17. Be4 Bb7 18. Nxc4 d5 19. Bxd5 e4 20. f6 Bxf6 21. Qg4+ Kh8 22. Bxb7 Rxb7 23. Rae1 Re8 24. b3 Rb5 25. Rd1 Rg5 26. Qd7 Be5 27. g3 Kg7 28. Rfe1 Bc3 29. Re3 Bb4 30. Qxe7 Rxe7 31. Rd4 f5 32. Rd5 Kf6 33. f4 exf3 34. Rxf3 Re1+ 35. Kf2 Ke6 36. Rfd3 Ra1 37. Re5+ Kf6 38. Re2 Bc5+ 39. Ne3 Rg4 40. Kf3 Re4 41. Rc2 Bxe3 42. Rxe3 Rf1+ 43. Ke2 Rh1 44. Kd3 Rd1+ 45. Ke2 Rh1 46. Rc6+ Kg5 47. h4+ Kg4 48. Rxe4+ fxe4 49. Ke3 Kxg3 50. Rxa6 Re1+ 51. Kd2 Rh1 52. Rh6 Kf4 53. a4 e3+ 54. Kd3 Rd1+ 55. Ke2 Rd2+ 56. Ke1 Rb2 57. Rxh7 Rxb3 58. Rf7+ 1/2-1/2

[Event "IECC CL2-1999.07"]
[Site "IECC email"]
[Date "1998.12.27"]
[Round "?"]
[White "Rebhan, Gilbert Andre"]
[Black "Seiler, Andreas"]
[Result "1/2-1/2"]
[WhiteElo "2089"]
[BlackElo "2051"]
[PlyCount "43"]
[EventDate "1999.??.??"]
[EventType "tourn (corr)"]
[EventRounds "4"]
[SourceTitle "Corr 2008"]
[Source "ChessBase"]
[SourceDate "2008.06.24"]
[SourceVersion "1"]
[SourceVersionDate "2008.06.24"]
[SourceQuality "1"]

1. Nc3 d5 2. e4 c6 3. f4 dxe4 4. Nxe4 g6 5. Bc4 Bg7 6. Nf3 Nf6 7. Neg5 0-0 8. d4 b6 9. Ne5 e6 10. c3 Qd6 11. Qe2 a5 12. 0-0 Ba6 13. Re1 Bxc4 14. Nxc4 Qc7 15. Ne5 Qd6 16. b3 h6 17. Ne4 Nxe4 18. Qxe4 a4 19. Nc4 Qc7 20. Ba3 Rd8 21. Ne5 Kh7 22. c4 1/2-1/2

[Event "IECC CL2-1999.07"]
[Site "IECC email"]
[Date "1998.12.27"]
[Round "?"]
[White "Seiler, Andreas"]
[Black "Fedorko, Andrew"]
[Result "1/2-1/2"]
[WhiteElo "2049"]
[BlackElo "2093"]
[PlyCount "38"]
[EventDate "1999.??.??"]
[EventType "tourn (corr)"]
[EventRounds "4"]
[SourceTitle "Corr 2008"]
[Source "ChessBase"]
[SourceDate "2008.06.24"]
[SourceVersion "1"]
[SourceVersionDate "2008.06.24"]
[SourceQuality "1"]

1. e4 e5 2. d4 exd4 3. Qxd4 Nc6 4. Qe3 Nf6 5. Nc3 Bb4 6. Bd2 0-0 7. 0-0-0 Re8 8. Qg3 Rxe4 9. a3 Rg4 10. Qe3 Ba5 11. f3 Rg6 12. h4 Bb6 13. Qe1 d6 14. h5 Nxh5 15. Rxh5 Bxg1 16. Bd3 Bd4 17. Bxg6 fxg6 18. Rh1 Bd7 19. Nd5 Rc8 1/2-1/2

[Event "IECC CL2-1999.03"]
[Site "IECC email"]
[Date "1998.12.12"]
[Round "?"]
[White "Dubrov, Yuri"]
[Black "Seiler, Andreas"]
[Result "1-0"]
[WhiteElo "2012"]
[BlackElo "2062"]
[PlyCount "37"]
[EventDate "1999.??.??"]
[EventType "tourn (corr)"]
[EventRounds "4"]
[SourceTitle "Corr 2008"]
[Source "ChessBase"]
[SourceDate "2008.06.24"]
[SourceVersion "1"]
[SourceVersionDate "2008.06.24"]
[SourceQuality "1"]

1. d4 f5 2. c4 Nf6 3. Nc3 e6 4. e3 b6 5. Bd3 Bb7 6. Nf3 Bb4 7. 0-0 0-0 8. Bd2 Bxc3 9. Bxc3 Ne4 10. Rc1 d6 11. b4 a5 12. a3 Nxc3 13. Rxc3 axb4 14. axb4 Nd7 15. c5 bxc5 16. bxc5 dxc5 17. Bc4 Qf6 18. Qb3 Ra6 19. Qxb7 1-0

[Event "Cologne op 47th"]
[Site "Cologne"]
[Date "1998.11.21"]
[Round "9"]
[White "Seiler, Andreas"]
[Black "Hogenacker, Jacques"]
[Result "0-1"]
[WhiteElo "2170"]
[BlackElo "2305"]
[PlyCount "78"]
[EventDate "1998.11.??"]
[EventType "swiss"]
[EventRounds "9"]
[EventCountry "GER"]
[SourceTitle "EXT 2000"]
[Source "ChessBase"]
[SourceDate "1999.11.16"]
[SourceVersion "1"]
[SourceVersionDate "1999.11.16"]
[SourceQuality "1"]

1. f4 d5 2. b3 Nf6 3. Nf3 g6 4. Bb2 Bg7 5. e3 0-0 6. Be2 c5 7. 0-0 Nc6 8. Ne5 Nxe5 9. Bxe5 Be6 10. d3 Qd7 11. h3 Ne8 12. Bxg7 Kxg7 13. Bf3 d4 14. e4 f6 15. Bg4 Bxg4 16. hxg4 Rh8 17. Nd2 h5 18. f5 Nd6 19. Qf3 Nf7 20. fxg6 Ne5 21. Qf5 hxg4 22. Nc4 Qxf5 23. exf5 Rh5 24. Rae1 g3 25. Rf4 Rah8 26. Kf1 Rh1+ 27. Ke2 Rxe1+ 28. Kxe1 Rh1+ 29. Ke2 Rg1 30. Nxe5 fxe5 31. Rf1 Rxg2+ 32. Kf3 Rf2+ 33. Rxf2 gxf2 34. Kxf2 e6 35. fxe6 Kxg6 36. Ke2 Kf6 37. Kf3 Kxe6 38. Ke4 b6 39. a3 Kd6 0-1

[Event "Cologne op 47th"]
[Site "Cologne"]
[Date "1998.11.17"]
[Round "5"]
[White "Seiler, Andreas"]
[Black "Reinemer, Frank"]
[Result "1-0"]
[WhiteElo "2170"]
[BlackElo "2265"]
[PlyCount "63"]
[EventDate "1998.11.??"]
[EventType "swiss"]
[EventRounds "9"]
[EventCountry "GER"]
[SourceTitle "EXT 2000"]
[Source "ChessBase"]
[SourceDate "1999.11.16"]
[SourceVersion "1"]
[SourceVersionDate "1999.11.16"]
[SourceQuality "1"]

1. e4 Nf6 2. e5 Nd5 3. c4 Nb6 4. a4 a5 5. Ra3 d5 6. c5 Nc4 7. Bxc4 dxc4 8. d4 Bf5 9. Be3 Qd5 10. f3 Nc6 11. Ne2 f6 12. e6 Bxb1 13. Qxb1 Qxe6 14. 0-0 Nb4 15. Nf4 Qc6 16. Rd1 Rd8 17. Re1 g5 18. Nh5 Nd3 19. Re2 Bh6 20. b3 Qe6 21. d5 Qf7 22. bxc4 Ne5 23. Ng3 0-0 24. Nf5 Bg7 25. Bd4 e6 26. dxe6 Qxe6 27. f4 Qxc4 28. Rh3 Qxe2 29. Nxg7 Rxd4 30. Qxh7+ Kf7 31. Nf5+ Ke6 32. Nxd4+ 1-0

[Event "IECC KO email"]
[Site "IECC email"]
[Date "1998.11.15"]
[Round "1"]
[White "Hage, Henk H"]
[Black "Seiler, Andreas"]
[Result "1-0"]
[WhiteElo "2277"]
[BlackElo "2105"]
[PlyCount "63"]
[EventDate "1998.??.??"]
[EventType "tourn (corr)"]
[EventRounds "6"]
[SourceTitle "Corr 2008"]
[Source "ChessBase"]
[SourceDate "2008.06.24"]
[SourceVersion "1"]
[SourceVersionDate "2008.06.24"]
[SourceQuality "1"]

1. e4 c5 2. Nf3 Nc6 3. d4 cxd4 4. Nxd4 Nf6 5. Nc3 e5 6. Ndb5 d6 7. Bg5 a6 8. Na3 b5 9. Bxf6 gxf6 10. Nd5 Bg7 11. c3 f5 12. exf5 Bxf5 13. Nc2 0-0 14. Nce3 Bg6 15. h4 h6 16. g4 Ne7 17. Bg2 Ra7 18. a4 bxa4 19. Rxa4 Nxd5 20. Bxd5 Kh8 21. g5 f5 22. Rg1 Be8 23. Ra3 Qb8 24. gxh6 Bxh6 25. Nxf5 Qxb2 26. Rb3 Qc1 27. Qxc1 Bxc1 28. Rb8 Ba3 29. h5 Kh7 30. Rg6 Bc1 31. Rxd6 a5 32. Be4 1-0

[Event "IECC KO email"]
[Site "IECC email"]
[Date "1998.09.28"]
[Round "?"]
[White "Malm, Art"]
[Black "Seiler, Andreas"]
[Result "0-1"]
[WhiteElo "2019"]
[BlackElo "2086"]
[PlyCount "124"]
[EventDate "1998.??.??"]
[EventType "tourn (corr)"]
[EventRounds "6"]
[SourceTitle "Corr 2008"]
[Source "ChessBase"]
[SourceDate "2008.06.24"]
[SourceVersion "1"]
[SourceVersionDate "2008.06.24"]
[SourceQuality "1"]

1. d4 d5 2. c4 c6 3. Nf3 Nf6 4. g3 Bg4 5. Bg2 e6 6. 0-0 Nbd7 7. cxd5 exd5 8. Bf4 Be7 9. Nc3 0-0 10. Qc2 Re8 11. a3 Nf8 12. Ne5 Ne6 13. Nxg4 Nxg4 14. Qf5 Nf6 15. Be3 Nd7 16. Rfd1 Bf6 17. Qc2 Nb6 18. b3 Qd6 19. f4 Qe7 20. Bf2 Rad8 21. e3 Nc8 22. f5 Nc7 23. e4 dxe4 24. Nxe4 Nb5 25. Nxf6+ Qxf6 26. Qd3 Ne7 27. g4 Nd5 28. Bxd5 Rxd5 29. a4 Nxd4 30. Bxd4 Qd6 31. Rd2 Rd8 32. Rad1 c5 33. Be5 Qxe5 34. Qxd5 Rxd5 35. Rxd5 Qe3+ 36. Kg2 h5 37. gxh5 Qxb3 38. R1d3 Qxa4 39. Rxc5 Qe4+ 40. Rf3 b6 41. Rc8+ Kh7 42. Rc7 Qe2+ 43. Rf2 Qg4+ 44. Kf1 Qd1+ 45. Kg2 a5 46. f6 Qd5+ 47. Kf1 gxf6 48. Re7 Qd1+ 49. Re1 Qxh5 50. Rxf6 b5 51. Re2 Qh3+ 52. Kg1 Kg7 53. Rf1 a4 54. Rb1 Qd3 55. Rg2+ Kf8 56. Rf1 b4 57. Rgf2 Qg6+ 58. Kh1 b3 59. Rd2 Qc6+ 60. Kg1 Qb6+ 61. Kg2 a3 62. Rdf2 Qb7+ 0-1

[Event "IECC CL2-1998.16"]
[Site "IECC email"]
[Date "1998.09.25"]
[Round "?"]
[White "Renette, Hans"]
[Black "Seiler, Andreas"]
[Result "0-1"]
[WhiteElo "2034"]
[BlackElo "2068"]
[PlyCount "42"]
[EventDate "1998.??.??"]
[EventType "tourn (corr)"]
[EventRounds "4"]
[SourceTitle "Corr 2008"]
[Source "ChessBase"]
[SourceDate "2008.06.24"]
[SourceVersion "1"]
[SourceVersionDate "2008.06.24"]
[SourceQuality "1"]

1. d4 d5 2. Nf3 Nf6 3. g3 g6 4. Bg2 Bg7 5. 0-0 0-0 6. c4 c6 7. cxd5 cxd5 8. Nc3 Ne4 9. Nxe4 dxe4 10. Nd2 Qxd4 11. Nxe4 Nc6 12. Qb3 Rd8 13. Nc3 Qb6 14. Qxb6 axb6 15. Nd5 Be6 16. Nc3 Bc4 17. Be3 b5 18. Bb6 Rd2 19. Ne4 Rxe2 20. Nc5 Rxb2 21. Nxb7 Bxf1 0-1

[Event "IECC CL2-1998.16"]
[Site "IECC email"]
[Date "1998.09.25"]
[Round "?"]
[White "Seiler, Andreas"]
[Black "Hughes, David M"]
[Result "1-0"]
[WhiteElo "2080"]
[BlackElo "2047"]
[PlyCount "77"]
[EventDate "1998.??.??"]
[EventType "tourn (corr)"]
[EventRounds "4"]
[SourceTitle "Corr 2008"]
[Source "ChessBase"]
[SourceDate "2008.06.24"]
[SourceVersion "1"]
[SourceVersionDate "2008.06.24"]
[SourceQuality "1"]

1. e4 c5 2. Nf3 d6 3. d4 cxd4 4. Nxd4 Nf6 5. Nc3 g6 6. Be3 Bg7 7. f3 0-0 8. Qd2 Nc6 9. Bc4 Bd7 10. 0-0-0 Rc8 11. Bb3 Na5 12. h4 a6 13. h5 Nxh5 14. g4 Nf6 15. Bh6 Nxb3+ 16. Nxb3 Bxh6 17. Qxh6 Rxc3 18. bxc3 Qc7 19. Qd2 Be6 20. Kb2 Rc8 21. Qd4 a5 22. a4 Bc4 23. Ra1 e5 24. Qd2 d5 25. g5 Nh5 26. exd5 Rd8 27. Qe3 Rxd5 28. Rhd1 b6 29. Rxd5 Bxd5 30. Re1 f6 31. gxf6 Nxf6 32. Qg5 Kf7 33. Rxe5 Bxf3 34. Nd4 Bg4 35. Nb5 Qd8 36. c4 Bd7 37. Nd6+ Kg7 38. Qe3 Ng8 39. Qd4 1-0

[Event "IECC CL2-1998.13"]
[Site "IECC email"]
[Date "1998.08.25"]
[Round "?"]
[White "Seiler, Andreas"]
[Black "Falato, John"]
[Result "1/2-1/2"]
[WhiteElo "2065"]
[BlackElo "2044"]
[PlyCount "55"]
[EventDate "1998.??.??"]
[EventType "tourn (corr)"]
[EventRounds "4"]
[SourceTitle "Corr 2008"]
[Source "ChessBase"]
[SourceDate "2008.06.24"]
[SourceVersion "1"]
[SourceVersionDate "2008.06.24"]
[SourceQuality "1"]

1. e4 e6 2. d4 d5 3. Nd2 Nf6 4. e5 Nfd7 5. Bd3 c5 6. c3 Nc6 7. Ndf3 Qa5 8. Bd2 Qb6 9. Qc2 cxd4 10. cxd4 Nxd4 11. Nxd4 Qxd4 12. Nf3 Qb6 13. 0-0 h6 14. Rac1 Be7 15. Be3 Qb4 16. a3 Qa5 17. b4 Qd8 18. Qd2 b6 19. Rc2 Bb7 20. Rfc1 Rc8 21. Rxc8 Bxc8 22. Rc2 Bb7 23. Qc1 Qb8 24. Bb5 Bd8 25. Bd4 a6 26. Bxd7+ Kxd7 27. a4 Bc7 28. h4 1/2-1/2

[Event "IECC CL2-1998.13"]
[Site "IECC email"]
[Date "1998.08.25"]
[Round "?"]
[White "Seiler, Andreas"]
[Black "Rasalingam, Haran Tobias"]
[Result "1-0"]
[WhiteElo "2070"]
[BlackElo "2016"]
[PlyCount "81"]
[EventDate "1998.??.??"]
[EventType "tourn (corr)"]
[EventRounds "4"]
[SourceTitle "Corr 2008"]
[Source "ChessBase"]
[SourceDate "2008.06.24"]
[SourceVersion "1"]
[SourceVersionDate "2008.06.24"]
[SourceQuality "1"]

1. e4 c5 2. Nf3 d6 3. d4 cxd4 4. Nxd4 Nf6 5. Nc3 g6 6. Be3 Bg7 7. f3 0-0 8. Qd2 Nc6 9. Bc4 Bd7 10. 0-0-0 Rc8 11. Bb3 Ne5 12. Kb1 Nc4 13. Bxc4 Rxc4 14. g4 b5 15. b3 Rc8 16. Ndxb5 Bxb5 17. Nxb5 a6 18. Na7 Ra8 19. e5 Qc7 20. exf6 Bxf6 21. h4 Rxa7 22. Bxa7 Qxa7 23. g5 Bg7 24. h5 Qc5 25. hxg6 hxg6 26. f4 Rc8 27. Rh4 Bc3 28. Rdh1 f5 29. Qe2 e5 30. Rh8+ Kf7 31. R8h7+ Ke6 32. Qxa6 Kd5 33. Qb7+ Qc6 34. Qf7+ Ke4 35. Qxg6 Bd2 36. c4 Bxf4 37. Re1+ Kd4 38. Rd1+ Kc3 39. Rd5 Qb6 40. Rh3+ Kb4 41. Rb5+ 1-0

[Event "IECC CL2-1998.10"]
[Site "IECC email"]
[Date "1998.06.28"]
[Round "?"]
[White "Mraz, Miroslav"]
[Black "Seiler, Andreas"]
[Result "1/2-1/2"]
[WhiteElo "2157"]
[BlackElo "2064"]
[PlyCount "97"]
[EventDate "1998.??.??"]
[EventType "tourn (corr)"]
[EventRounds "4"]
[SourceTitle "Corr 2008"]
[Source "ChessBase"]
[SourceDate "2008.06.24"]
[SourceVersion "1"]
[SourceVersionDate "2008.06.24"]
[SourceQuality "1"]

1. d4 f5 2. c4 e6 3. g3 Nf6 4. Bg2 Be7 5. Nf3 0-0 6. 0-0 d6 7. Qc2 Nc6 8. a3 e5 9. d5 Nb8 10. Nc3 Qe8 11. b4 Qh5 12. h3 Kh8 13. Rd1 Rg8 14. Ng5 Na6 15. e4 fxe4 16. Qe2 Qg6 17. Ncxe4 Nd7 18. Bf3 Bxg5 19. Bh5 Qf5 20. Nxg5 g6 21. Bg4 Qf6 22. Ne6 g5 23. b5 Nac5 24. Nxc7 Rb8 25. Be3 b6 26. Ne6 Nb7 27. Qf3 h6 28. a4 Qxf3 29. Bxf3 Nf8 30. Nxf8 Rxf8 31. Be2 Bd7 32. h4 gxh4 33. gxh4 Kh7 34. Kh2 Rbc8 35. Rg1 Na5 36. Rac1 Nb3 37. Rb1 Na5 38. Rb4 Rc7 39. h5 Bf5 40. f4 Re8 41. Bf1 Bc2 42. Rg2 exf4 43. Bxf4 Rf7 44. Bxd6 Be4 45. Rg1 Rf5 46. Bh3 Rxh5 47. Rg3 Bf5 48. Kg2 Re4 49. Bxf5+ 1/2-1/2

[Event "IECC CL2-1998.10"]
[Site "IECC email"]
[Date "1998.06.28"]
[Round "?"]
[White "Mueller, Robert"]
[Black "Seiler, Andreas"]
[Result "1-0"]
[WhiteElo "2057"]
[BlackElo "2106"]
[PlyCount "97"]
[EventDate "1998.??.??"]
[EventType "tourn (corr)"]
[EventRounds "4"]
[SourceTitle "Corr 2008"]
[Source "ChessBase"]
[SourceDate "2008.06.24"]
[SourceVersion "1"]
[SourceVersionDate "2008.06.24"]
[SourceQuality "1"]

1. e4 c5 2. Nf3 Nc6 3. d4 cxd4 4. Nxd4 Nf6 5. Nc3 e5 6. Ndb5 d6 7. Bg5 a6 8. Na3 b5 9. Bxf6 gxf6 10. Nd5 f5 11. Bd3 Be6 12. 0-0 Bxd5 13. exd5 Ne7 14. c3 Bg7 15. Qh5 Qd7 16. Rad1 Rc8 17. Nc2 Rc5 18. Ne3 e4 19. Bc2 0-0 20. Qg5 h6 21. Qg3 Re8 22. f3 Ng6 23. fxe4 fxe4 24. Nf5 Re5 25. Qg4 Qa7 26. Kh1 e3 27. Rde1 Rc4 28. Qg3 h5 29. Nxe3 h4 30. Qh3 Qe7 31. Nf5 Qf6 32. g3 hxg3 33. hxg3 Rxe1 34. Rxe1 Ne5 35. Rf1 Rc5 36. Be4 a5 37. Nxg7 Qxg7 38. Rf5 b4 39. Qh5 Ng6 40. Rg5 Qf6 41. Bxg6 Qf1+ 42. Kh2 Qf2+ 43. Kh3 Qf1+ 44. Kh4 Qh1+ 45. Kg4 Qd1+ 46. Kf4 Qc1+ 47. Ke4 Qe1+ 48. Kd3 Qf1+ 49. Kc2 1-0

[Event "IECC M email"]
[Site "IECC email"]
[Date "1998.05.09"]
[Round "?"]
[White "Fedorko, Andrew"]
[Black "Seiler, Andreas"]
[Result "1-0"]
[WhiteElo "2032"]
[BlackElo "2092"]
[PlyCount "57"]
[EventDate "1998.??.??"]
[EventType "tourn (corr)"]
[EventRounds "12"]
[SourceTitle "Corr 2008"]
[Source "ChessBase"]
[SourceDate "2008.06.24"]
[SourceVersion "1"]
[SourceVersionDate "2008.06.24"]
[SourceQuality "1"]

1. d4 f5 2. g3 Nf6 3. Bg2 e6 4. c4 Be7 5. Nf3 0-0 6. 0-0 d6 7. Nc3 Qe8 8. b3 a5 9. Bb2 Na6 10. a3 Rb8 11. Qc2 Qh5 12. e3 Bd7 13. Rfd1 Bc6 14. d5 exd5 15. cxd5 Nxd5 16. Nxd5 Bxd5 17. Rxd5 c6 18. Rxa5 Nc5 19. b4 Ne4 20. Nd4 d5 21. Ne6 Rf7 22. Nf4 Qh6 23. Bd4 Bd6 24. Nd3 g5 25. f3 Nf6 26. Rd1 Nh5 27. f4 Re8 28. b5 b6 29. Qxc6 1-0

[Event "IECC M email"]
[Site "IECC email"]
[Date "1998.05.09"]
[Round "?"]
[White "Seiler, Andreas"]
[Black "Grimm, Stephan"]
[Result "1-0"]
[WhiteElo "2059"]
[BlackElo "1696"]
[PlyCount "42"]
[EventDate "1998.??.??"]
[EventType "tourn (corr)"]
[EventRounds "12"]
[SourceTitle "Corr 2008"]
[Source "ChessBase"]
[SourceDate "2008.06.24"]
[SourceVersion "1"]
[SourceVersionDate "2008.06.24"]
[SourceQuality "1"]

1. e4 c6 2. d4 d5 3. e5 Bf5 4. Nc3 h5 5. Bd3 Bxd3 6. Qxd3 e6 7. Nf3 Qb6 8. 0-0 Ne7 9. Nh4 Nd7 10. b4 Qc7 11. Bg5 0-0-0 12. Qf3 f6 13. exf6 gxf6 14. Bxf6 Rh6 15. Bg5 Rh7 16. b5 e5 17. Nf5 Re8 18. bxc6 bxc6 19. Rab1 e4 20. Nxe4 dxe4 21. Qxe4 Kd8 1-0